العلل المتناهية في الأحاديث الواهية / (رقم التسجيلة. 86271)

تفاصيل مارك
000 -LEADER
fixed length control field 00676nam a22002057a 4500
005 - DATE AND TIME OF LATEST TRANSACTION
control field 20251108172711.0
008 - FIXED-LENGTH DATA ELEMENTS--GENERAL INFORMATION
fixed length control field 250721s2003 xx 000 0 ara d
082 14 - DEWEY DECIMAL CLASSIFICATION NUMBER
Classification number م/231.4/جوز
100 1# - MAIN ENTRY--PERSONAL NAME
Personal name إبن الجوزي، أبو الفرج عبد الرحمن بن علي
Relator term مؤلف
245 10 - TITLE STATEMENT
Title العلل المتناهية في الأحاديث الواهية /
250 ## - EDITION STATEMENT
Edition statement 2
264 1# - PRODUCTION, PUBLICATION, DISTRIBUTION, MANUFACTURE, AND COPYRIGHT NOTICE
Place of production, publication, distribution, manufacture بيروت :
Name of producer, publisher, distributor, manufacturer دار الكتب العلمية،
Date of production, publication, distribution, manufacture, or copyright notice 2003.
300 ## - PHYSICAL DESCRIPTION
Extent مج
650 17 - SUBJECT ADDED ENTRY--TOPICAL TERM
Topical term or geographic name as entry element علوم الحديث
650 17 - SUBJECT ADDED ENTRY--TOPICAL TERM
Topical term or geographic name as entry element الحديث المعلل
653 ## - INDEX TERM--UNCONTROLLED
Uncontrolled term علل الحديث
700 1# - ADDED ENTRY--PERSONAL NAME
Personal name الميس، خليل
Relator term محقق
942 ## - ADDED ENTRY ELEMENTS (KOHA)
Source of classification or shelving scheme Dewey Decimal Classification
Koha item type مراجع
المقتنيات
حالة السحب حالة الفقدان مصدر التصنيف حالة التلف غير قابل للإعارة المكتبة الرئيسية المكتبة الحالية موقع الرف تاريخ التزويد الرقم المتسلسل Total Checkouts رقم الإستدعاء تاريخ آخر ظهور تاريخ الفاتورة نوع المادة (كوها) الباركود
    Dewey Decimal Classification     المكتبة المركزية المكتبة المركزية مقتنيات قسم التزويد 28/07/2025 1547230   م/231.4/جوز 28/07/2025 28/07/2025 مراجع  
    Dewey Decimal Classification     المكتبة المركزية المكتبة المركزية مقتنيات قسم التزويد 28/07/2025 1653184   م/231.4/جوز 28/07/2025 28/07/2025 مراجع  
    Dewey Decimal Classification   Not For Loan مكتبة منتدى الرواد مكتبة منتدى الرواد مراجع 14/01/2018 1653039   م/231.4/جوز 28/07/2025 14/01/2018 مراجع PLD00416543
Implemented & Customized by: BBB with SCIT (Smart Chains for Information Technology)

Powered by Koha